|
|
|
|
| LEADER |
01276nam a2200277 a 4500 |
| 001 |
11939912 |
| 008 |
091226s1999 enkac b 001 0 eng d |
| 010 |
|
|
|a 00506104
|
| 040 |
|
|
|a UKM
|c UKM
|d UV$
|d ORU
|d DLC
|c BD-DhAAL
|
| 020 |
|
|
|a 0198122977
|
| 082 |
0 |
0 |
|a 941.07
|2 21
|
| 245 |
0 |
3 |
|a An Oxford companion to the Romantic Age :
|b British culture, 1776-1832 /
|c general editor, Iain McCalman ; associate editors, Jon Mee, Gillian Russell, Clara Tuite ; assistant editors, Kate Fullagar, Patsy Hardy.
|
| 246 |
3 |
0 |
|a Romantic Age
|
| 260 |
|
|
|a Oxford ; New York :
|b Oxford University Press,
|c 1999.
|
| 300 |
|
|
|a xiii, 780 p. :
|b ill., ports ;
|c 25 cm.
|
| 504 |
|
|
|a Includes bibliographical references and index.
|
| 541 |
1 |
|
|e 00016563
|
| 651 |
|
0 |
|a Great Britain
|x Civilization
|y 18th century.
|
| 651 |
|
0 |
|a Great Britain
|x Civilization
|y 19th century.
|
| 651 |
|
0 |
|a Great Britain
|x Intellectual life
|y 18th century.
|
| 651 |
|
0 |
|a Great Britain
|x Intellectual life
|y 19th century.
|
| 650 |
|
0 |
|a Romanticism
|z Great Britain.
|
| 700 |
1 |
|
|a McCalman, Iain.
|
| 852 |
4 |
|
|a Ayesha Abed Library
|j General shelf
|
| 999 |
|
|
|c 6419
|d 6419
|
| 952 |
|
|
|0 0
|1 4
|2 ddc
|4 0
|6 941_070000000000000_OXF
|7 0
|9 6486
|a BRACUL
|b BRACUL
|c GEN
|d 2009-12-26
|l 0
|o 941.07 OXF
|p 3010016563
|r 2009-12-26
|t 1
|w 2009-12-26
|y BK
|x Koha Inventory 2020
|